Human Resource Management / (Record no. 83994)

MARC details
000 -LEADER
fixed length control field 01018nam a22002777a 4500
003 - CONTROL NUMBER IDENTIFIER
control field URS
005 - DATE AND TIME OF LATEST TRANSACTION
control field 20260414184149.0
008 - FIXED-LENGTH DATA ELEMENTS--GENERAL INFORMATION
fixed length control field 250807b |||||||| |||| 00| 0 eng d
020 ## - INTERNATIONAL STANDARD BOOK NUMBER
International Standard Book Number 9786214092017
040 ## - CATALOGING SOURCE
Original cataloging agency DLC
Language of cataloging eng
Transcribing agency URS
Modifying agency rda
Description conventions dlc
050 ## - LIBRARY OF CONGRESS CALL NUMBER
Classification number HF 5549
Item number .P654 2024
100 ## - MAIN ENTRY--PERSONAL NAME
Personal name Pingol, Geena Hipolito.
Relator term Author
245 ## - TITLE STATEMENT
Title Human Resource Management /
Statement of responsibility, etc. Geena Hipolito-Pingol , PhD, PD-SL, Mary Chris A. Austria, PhD, MBA.
264 ## - PRODUCTION, PUBLICATION, DISTRIBUTION, MANUFACTURE, AND COPYRIGHT NOTICE
Place of production, publication, distribution, manufacture Mandaluyong City :
Name of producer, publisher, distributor, manufacturer Books Atbp. Publishing Corp.,
Date of production, publication, distribution, manufacture, or copyright notice ©2024.
300 ## - PHYSICAL DESCRIPTION
Extent xii, 224 pages ;
Other physical details Illustrations :
Dimensions 22 cm.
336 ## - CONTENT TYPE
Source rdacontent
Content type term text
337 ## - MEDIA TYPE
Source rdamedia
Media type term unmediated
338 ## - CARRIER TYPE
Source rdacarrier
Carrier type term volume
500 ## - GENERAL NOTE
General note Includes index.
504 ## - BIBLIOGRAPHY, ETC. NOTE
Bibliography, etc. note Includes bibliographical references and indexes.
524 ## - PREFERRED CITATION OF DESCRIBED MATERIALS NOTE
Preferred citation of described materials note Pingol, Geena H. (2024). Human Resource Management. Mandaluyong City. Books Atbp. Publishing Corp.
650 ## - SUBJECT ADDED ENTRY--TOPICAL TERM
Topical term or geographic name entry element Personnel management.
650 ## - SUBJECT ADDED ENTRY--TOPICAL TERM
Topical term or geographic name entry element Management.
700 ## - ADDED ENTRY--PERSONAL NAME
Personal name Austria, Mary Chris A.
Relator term Auth
942 ## - ADDED ENTRY ELEMENTS (KOHA)
Source of classification or shelving scheme Library of Congress Classification
Koha item type Filipiniana
Holdings
Withdrawn status Source of classification or shelving scheme Damaged status Not for loan Collection code Home library Current library Shelving location Date acquired Source of acquisition Total Checkouts Full call number Barcode Date last seen Price effective from Koha item type Copy number
  Library of Congress Classification     Non-fiction Antipolo College Library Antipolo College Library Filipiniana Section 10/23/2025 Purchased   HF 5549 .P654 2024 URSANT-06265 03/19/2026 03/19/2026 Filipiniana 1
  Library of Congress Classification     Non-fiction Antipolo College Library Antipolo College Library Filipiniana Section 10/23/2025 Purchased   HF 5549 .P654 2024 URSANT-06266 03/19/2026 03/19/2026 Filipiniana 2
  Library of Congress Classification     Non-fiction Cainta College Library Cainta College Library Filipiniana Section 02/02/2026 Purchased   HF 5549.P653 2024 URSCAI-5542 02/02/2026 02/02/2026 Filipiniana  
  Dewey Decimal Classification       Pililla College Library Pililla College Library Filipiniana Section 02/18/2026     658.3 P654 2024 URSPIL-7409 02/18/2026 02/18/2026 Filipiniana 1
  Dewey Decimal Classification       Pililla College Library Pililla College Library Filipiniana Section 02/18/2026     658.3 P654 2024 URSPIL-7410 02/18/2026 02/18/2026 Filipiniana 2

University of Rizal System
Email us at univlibservices@urs.edu.ph

Visit our Website www.urs.edu.ph/library